| 000 | 00464pab a2200181 454500 | ||
|---|---|---|---|
| 008 | 180718b2004 xxu||||| |||| 00| 0 eng d | ||
| 100 | _aLarson, Donald F. | ||
| 245 | _aPolicies on managing risk in agricultural markets | ||
| 260 | _c2004 | ||
| 300 | _ap.199-230. | ||
| 362 | _aFall | ||
| 650 | _aMarketing | ||
| 650 | _aAgriculture | ||
| 700 | _aVargangis, Panos | ||
| 700 | _aAnderson, Lock R. | ||
| 773 | _aWorld Bank Research Observer | ||
| 909 | _a62600 | ||
| 999 |
_c62600 _d62600 |
||